000 00462nam a2200181Ia 4500
005 20250326125816.0
008 250326s9999 xx 000 0 und d
037 _aTextbook
040 _aFMSL
_beng
_cFMSL
041 _aeng
_2eng
084 _aX:652 N2
_qFMSL
100 _aGrahan B
_9739732
245 0 _aSecurity analysis
_cGrahan B
260 _aNY
_bNY, M G H
_c1962
300 _a778p
942 _cTB
_hX:652 N2
999 _c1279674
_d1279674